000 00319nam a2200145Ia 4500
100 _aGokhale/ M.Y./ Mujumdar/ N.S.
942 _cBK
654 _amathematics I
245 _aApplied Mathematics-I
260 _bNirali prakashan
_c2001
082 _a519
_bGOK/MUJ
300 _a477
546 _aENGLISH
999 _c21711
_d21711